| 000 | 00366nam a2200157Ia 4500 | ||
|---|---|---|---|
| 008 | 230917s9999||||xx |||||||||||||| ||und|| | ||
| 040 |
_e34697 _aMAIN |
||
| 041 | _aEnglish | ||
| 082 | _a942 H629W:T | ||
| 100 | _aWilliamson, James A | ||
| 245 | 4 | _aThe tudor age | |
| 250 | _a3rd ed. | ||
| 260 |
_aLondon _bLongman _c1979 |
||
| 300 | _axxiii,470 p. | ||
| 942 | _cBK | ||
| 999 |
_c211340 _d211340 |
||